000
00270nam a2200133Ia 4500
100
_a
Vahid/Frank
942
_c
BK
654
_a
embedded
245
_a
Embedded system design
260
_b
John Wiley
_c
2002
082
_a
3.3
_b
VAH
300
_a
324
546
_a
ENGLISH
999
_c
19042
_d
19042